Statistics for Guess the Harry Styles Song With No Hints!

Click here to take the quiz!

General Stats

  • This quiz has been taken 47 times
  • The average score is 133 of 186

Answer Stats

Answer% Correct
you
100%
You
100%
I
98%
me
98%
me,
98%
do
93%
the
93%
no
88%
it
86%
don't
81%
go?
81%
go
81%
know
81%
to
81%
And
79%
ever
79%
just
76%
Oh,
74%
your
74%
for?
71%
For
71%
from
67%
never
64%
I'm
62%
nothing,
62%
already
60%
been
60%
I've
60%
need
60%
New
60%
new
60%
pretend
60%
since
60%
something,
60%
something
60%
tell
60%
Tell
60%
this
60%
before
57%
'cause
57%
did
57%
there's
57%
There's
57%
waiting
57%
water
52%
what's
52%
York
52%
Choose
50%
praying
50%
praying,
50%
talking
50%
words
50%
empty
48%
had
48%
over,
48%
saw
48%
swimming
48%
antidote
45%
at
45%
curse
45%
hurt
45%
Must
45%
pool
45%
Understand
45%
Almost
43%
walls
43%
Brooklyn
40%
inside
40%
enough
38%
news
36%

Score Distribution

Percentile by Number Answered

Percent of People with Each Score

Your Score History

You have not taken this quiz